Central Library OPAC University of Rajshahi

জীবন বৃত্তে / (Record no. 48527)

MARC details
000 -LEADER
fixed length control field 00917nam a2200241 a 4500
001 - CONTROL NUMBER
control field 48527
003 - CONTROL NUMBER IDENTIFIER
rucl marc code BD-RjUL
005 - DATE AND TIME OF LATEST TRANSACTION
control field 20211209054535.0
008 - FIXED-LENGTH DATA ELEMENTS--GENERAL INFORMATION
fixed length control field 160814s2010 bg |||| ||| 000 0 ben d
020 ## - INTERNATIONAL STANDARD BOOK NUMBER
International Standard Book Number 9848214287
Terms of availability : Tk. 150.00
035 ## - SYSTEM CONTROL NUMBER
System control number (BD-RjUL)48646
040 ## - CATALOGING SOURCE
Original cataloging agency BD-RjUL
Language of cataloging ben
Transcribing agency BD-RjUL
Modifying agency BD-RjUL
041 ## - LANGUAGE CODE
Language code of text/sound track or separate title ben
082 ## - DEWEY DECIMAL CLASSIFICATION NUMBER
Edition number 23
Classification number 891.443
Author mark and year JIB 2010
245 10 - TITLE STATEMENT
Title জীবন বৃত্তে /
Statement of responsibility, etc. রেবেকা আসাদ ; ফরিদা খানম
260 ## - PUBLICATION, DISTRIBUTION, ETC. (IMPRINT)
Place of publication, distribution, etc. রাজশাহী :
Name of publisher, distributor, etc. বরন্দ্র নন্দিনী সাহিত্র ও পাঠচক্র,
Date of publication, distribution, etc. ২০১০
300 ## - PHYSICAL DESCRIPTION
Pagination ১৪৩ পৃ. ;
Size ২১ সেমি.
650 ## - SUBJECT ADDED ENTRY--TOPICAL TERM
Topical term or geographic name as entry element বাংলা ছোটগল্প
9 (RLIN) 146682
Topical term or geographic name as entry element Bengali Short stories
9 (RLIN) 146683
700 ## - ADDED ENTRY--PERSONAL NAME
Personal name আসাদ, রেবেকা
Personal name খানম, ফরিদা
942 ## - ADDED ENTRY ELEMENTS (KOHA)
Source of classification or shelving scheme Dewey Decimal Classification
Koha item type Books
Holdings
Lost status Source of classification or shelving scheme Damaged status Not for loan Collection code Permanent Location Current Location Shelving location Date acquired Source of acquisition Cost, normal purchase price Total Checkouts Full call number Date last seen Copy number Koha item type
  Dewey Decimal Classification     Fiction Central Library, University of Rajshahi Central Library, University of Rajshahi   06/03/2011 Editor 150.00   B 891.443 JIB 2010 14/08/2016 C-2 Books
  Dewey Decimal Classification     Fiction Central Library, University of Rajshahi Central Library, University of Rajshahi   06/03/2011 Editor 150.00   B 891.443 JIB 2010 14/08/2016 C-3 Books
  Dewey Decimal Classification   Not For Loan Fiction Central Library, University of Rajshahi Central Library, University of Rajshahi Reading Room 06/03/2011 Rebeka Asad 150.00   B 891.443 JIB 2010 31/01/2017 C-1 Books